|
|
|
|
| LEADER |
00000nab a2200000 a 4500 |
| 001 |
vtls008416632 |
| 003 |
SK-MaSNL |
| 005 |
20260426100841.0 |
| 008 |
250505c2005 xo mr|p|||||||000 b|slo |
| 015 |
|
|
|a SNBRB2005/12
|2 snkbucl
|
| 035 |
|
|
|a (uuid)e8c28432-4d3a-4233-8a80-09d950648877
|
| 035 |
|
|
|a urn:nbn:sk:snk-abw5z
|
| 035 |
|
|
|a (urnnbn)urn:nbn:sk:snk:ar-a04fjx
|
| 038 |
|
|
|a SNKBUCL
|
| 040 |
|
|
|a SNKBUCL
|b slo
|c SNKBUCL
|e AACR2
|
| 041 |
0 |
|
|a slo
|
| 044 |
|
|
|a xo
|c SK
|
| 080 |
|
|
|a 632.4:633.11"324"
|x (437.6)
|2 1997
|
| 080 |
|
|
|a 633.11"324"
|x (437.6)
|2 1997
|
| 245 |
0 |
0 |
|a Fuzáriá na klasoch pšenice letnej f. ozimnej v roku 2004
|c Valéria Šudyová ... [et al.] ; recenzoval S. Kubinec
|
| 300 |
|
|
|b Fotogr., graf
|
| 648 |
|
7 |
|a 2004
|2 snkbucl
|9 303492
|
| 650 |
0 |
7 |
|a ozimná pšenica
|2 snkbucl
|9 28625
|
| 650 |
0 |
7 |
|a hubové choroby rastlín
|2 snkbucl
|9 57801
|
| 650 |
0 |
7 |
|a fuzariózy
|2 snkbucl
|9 18405
|
| 650 |
0 |
7 |
|a fuzárium
|2 snkbucl
|9 25850
|
| 651 |
|
7 |
|a Slovensko
|2 snkbucl
|9 14231
|
| 700 |
1 |
|
|a Šudyová, Valéria
|4 aut
|9 11500
|
| 700 |
1 |
|
|a Šliková, Svetlana
|4 aut
|9 24929
|
| 700 |
1 |
|
|a Pastirčák, Martin,
|d 1975-
|4 aut
|9 24394
|
| 700 |
1 |
|
|a Vančo, Bernard
|4 aut
|9 773111
|
| 700 |
1 |
|
|a Kubinec, Severín
|4 rev
|9 6191
|
| 773 |
0 |
|
|t Naše pole
|g Roč. 9, č. 9 (2005), s. 24
|x 1335-2466
|
| 850 |
|
|
|a Slovenská národná knižnica
|
| 852 |
|
|
|a Slovenská národná knižnica
|
| 954 |
|
|
|a odborná, vedecká literatúra pôvodná (slovenská)
|2 lita
|
| 958 |
|
|
|a article27
|
| 958 |
|
|
|a OND
|
| 958 |
|
|
|a EUIPO
|
| 999 |
|
|
|c 3210002
|d 3211932
|